000
00310nam a22001337a 4500
008
170607b xxu||||| |||| 00| 0 eng d
020
_a
0813117534
041
_a
eng
080
_a
329
100
_a
18
101
_a
SHP
245
_a
POLITICAL PARTIES AND PRIMARIES IN KENTUCKY
_c
MILLER,P.M
942
_2
udc
_c
BK
999
_c
16210
_d
16210